Nuevos temas en la agenda de política educativa /
Salvato in:
| Autore principale: | |
|---|---|
| Altri autori: | |
| Natura: | Libro |
| Lingua: | spagnolo |
| Pubblicazione: |
Buenos Aires, Argentina :
Siglo XXI,
2008, c2008
|
| Serie: | (Sociología y Política. Educación y Sociedad)
|
| Soggetti: | |
| Tags: |
Nessun Tag, puoi essere il primo ad aggiungerne!!
|
MARC
| LEADER | 00000nam^a2200000^a^4500 | ||
|---|---|---|---|
| 001 | 000303742 | ||
| 005 | 20250521000000.0 | ||
| 009 | 20260310112658.287 | ||
| 020 | |a 978-987-629-024-1 | ||
| 037 | |a Acervo ITESO - Biblioteca | ||
| 041 | |a ESP | ||
| 082 | |a 379. 2 |b TEN | ||
| 100 | |a Tenti Fanfani, Emilio |e (comp.) | ||
| 245 | 1 | 0 | |a Nuevos temas en la agenda de política educativa / |c Comp. de E. Tenti Fanfani ; pról. de M. Poggi. |
| 264 | 4 | |a Buenos Aires, Argentina : |b Siglo XXI, |c 2008, c2008 | |
| 300 | |a 233 p. | ||
| 336 | |a texto |b txt |2 rdacontenido | ||
| 337 | |a sin mediación |b n |2 rdamedio | ||
| 338 | |a volumen |b nc |2 rdasoporte | ||
| 440 | 1 | |a (Sociología y Política. |p Educación y Sociedad) | |
| 649 | |a XX | ||
| 650 | |a Profesores - |x Condiciones Sociales y Culturales | ||
| 650 | |a Fracaso Escolar | ||
| 650 | |a Comunidad y Escuela | ||
| 650 | |a Meritocracia | ||
| 650 | |a Política Educativa - |x Tema Principal | ||
| 650 | |a Educación Intercultural | ||
| 650 | |a Educación y Trabajo | ||
| 650 | |a Educación y Sociedad | ||
| 700 | |a Poggi, Margarita |e (prólogo) | ||
| 910 | |a Fondo General | ||
| 920 | |a Impresos - Libros | ||
| 930 | |a Colección General | ||
| 905 | |a 101 | ||
| 901 | |a 0500189964 |b IT1 |c ACC |i C124591 |u 20250521 | ||
| 902 | |a https://opac.biblio.iteso.mx/vufind/Record/000303742 | ||